000 02153nam a22003137a 4500
003 AR-RoUNCS
005 20260306121633.0
007 ta
008 140414s2013 ag a dr 000 f spa
015 _aAR-2013
020 _a978-987-04-2840-4
040 _aAR-BaBN
_bspa
_cAR-RoUNCS
_eaacr
041 1 _aspa
_heng
044 _aag
_car-c
080 1 _a82-31(73)
_22016
100 1 _aHandler, Daniel,
_d1970-
_eautor
245 1 0 _aY por eso rompimos /
_cescrito por Daniel Handler ; ilustrado por Maira Kalman.
250 _a1a ed.
260 _aBuenos Aires :
_bAlfaguara,
_c2013.
300 _a348, [6] p. :
_bil. col. ;
_c23 cm.
500 _aTítulo original: Why We Broke Up / traducción, Montserrat Nieto Sánchez
520 3 _aY por eso rompimos es la historia de una ruptura; una historia de amor con sabor agridulce que nos lleva a los lugares más intensos y románticos de la relación entre Min y Ed, pero también a los instantes de incomprensión que han acabado con su historia de amor. Min está de camino a casa de Ed, lleva una caja en sus brazos; una caja repleta de todos esos buenos y malos momentos que han marcado su relación. Una relación tan real como la vida misma. La historia de Min y Ed podría ser la tuya… Te entrego esta caja, Ed. Dentro está todo. La entrada de cine para ver la película en la que nos dimos nuestro primer beso, aquella nota tuya que tanto significó para mí, el peine del hotel donde perdimos el sentido… y algo más, el plano que dibujamos para intentar asistir a mi fiesta y a la tuya, tan incompatibles como nosotros, la goma con la que me recogí el pelo la primera vez que cocinamos juntos, todos estos pétalos, ya secos, el bolígrafo con el que escribo esta carta y el resto de cosas. Te devuelvo la caja y todos los recuerdos que contiene, Ed. Aquí la tienes. Toda nuestra historia. Toda la historia de por qué rompimos.
_c(Descripción del editor).
650 7 _aLiteratura norteamericana
_2embne
655 7 _2embne
_aNovelas juveniles
655 7 _2embne
_aNovelas de amor
700 1 _aKalman, Maira
_eil.
700 1 _aNieto Sánchez, Montserrat
_etr.
942 _2udc
_cOG
_n0
999 _c946
_d946